[Event "Let's Play Chess!"]
[Site "http://www.queenalice.com/game.php?id=174520"]
[Date "2007.2.27"]
[Round "-"]
[White "chaian"]
[Black "spawnwolfwolverine"]
[Result "0-1"]
[WhiteElo "1468"]
[BlackElo "1729"]

1. c3 e6 2. e3 d5 3. d4 Nf6 4. Nf3 Be7 5. c4 O-O 6. Nc3 Bb4 7. a3 Bxc3+ 8. bxc3
dxc4 9. Ne5 b5 10. h4 Ne4 11. Qf3 Bb7 12. g3 Nd7 13. Be2 Rb8 14. Qg4 Nxf2 15.
Kxf2 Bxh1 16. e4 Nxe5 17. Qh5 Qf6+ 18. Kg1 Bxe4 19. dxe5 Qg6 20. Qg4 Qxg4 21.
Bxg4 a5 22. Be3 Rfc8 23. Bc5 c6 24. Kf2 f5 25. Be2 Rd8 26. Ba7 Rb7 27. Be3 Rc7
28. Bb6 Rdd7 29. Bxa5 Ra7 30. Bb6 Rab7 31. Bc5 Rd2 32. a4 bxa4 33. Rxa4 Rbb2 34.
Ra8+ Kf7 35. Ke3 Rxe2+ 36. Kf4 Kg6 37. Re8 Bd5 38. g4 Re4+ 39. Kf3 Rxg4+ 40. Ke3
Rxh4 41. Be7 Rh3+ 42. Kd4 Kf7 43. Rc8 Kxe7 44. Rc7+ Kf8 45. Kc5 Rxc3 46. Kd6 Rb8
47. Kd7 Kf7 48. Kd6+ Kg6 49. Ra7 Rcb3 50. Ra2 Rd3 51. Rg2+ Bxg2+ 52. Kxe6 Re8#
0-1

[Event "Let's Play Chess!"]
[Site "http://www.queenalice.com/game.php?id=174521"]
[Date "2007.2.27"]
[Round "-"]
[White "BLUESHARK"]
[Black "chaian"]
[Result "1-0"]
[WhiteElo "1540"]
[BlackElo "1442"]

1. e3 d5 2. d3 Nf6 3. Nf3 e6 4. Be2 Nc6 5. O-O Ng4 6. Bd2 Qf6 7. h3 Bd6 8. d4 h5
9. c4 e5 10. Bc3 e4 11. Nfd2 Qh4 12. cxd5 Nxf2 13. Rxf2 Bg4 14. Bxg4 Qg3 15. Nf1
hxg4 16. Nxg3 Bxg3 17. dxc6 bxc6 18. Qxg4 Bxf2+ 19. Kxf2 g6 20. Qxe4+ Kf8 21. d5
Re8 22. Qb4+ Kg8 23. Qd4 Rh5 24. Qg7# 1-0

[Event "Let's Play Chess!"]
[Site "http://www.queenalice.com/game.php?id=174522"]
[Date "2007.2.27"]
[Round "-"]
[White "chaian"]
[Black "Carlos75"]
[Result "0-1"]
[WhiteElo "1472"]
[BlackElo "2333"]

1. d4 Nf6 2. f3 d5 3. Nc3 c5 4. b3 cxd4 5. Qxd4 Nc6 6. Qf4 e5 7. Qg3 Bb4 8. Bd2
Nh5 9. Qf2 Qa5 10. Qe3 d4 11. Qg5 dxc3 12. Bc1 Nd4 13. Qxg7 Nxc2+ 14. Kd1 Ne3+
15. Ke1 c2+ 16. Kf2 Nd1# 0-1

[Event "Let's Play Chess!"]
[Site "http://www.queenalice.com/game.php?id=177991"]
[Date "2007.3.7"]
[Round "-"]
[White "pawn_buzzard"]
[Black "chaian"]
[Result "1-0"]
[WhiteElo "1766"]
[BlackElo "1496"]

1. c4 e6 2. d4 Nf6 3. f3 c6 4. Bg5 h6 5. Bxf6 gxf6 6. Nc3 f5 7. e4 Bd6 8. a3 Qb6
9. Na4 Qc7 10. e5 Bxe5 11. dxe5 Qxe5+ 12. Qe2 Qa5+ 13. Nc3 Na6 14. O-O-O b5 15.
Qe5 Rf8 16. Bd3 Qd8 17. Bxf5 Qg5+ 18. f4 Qxf5 19. Qxf5 exf5 20. Nf3 Nc7 21. c5
d5 22. cxd6 Ne6 23. Ne5 Bb7 24. Rhe1 Nxf4 25. Ng6+ Kd7 26. Re7+ Kd8 27. Nxf8 f6
28. g3 Nd5 29. Nxd5 cxd5 30. Ne6+ Kc8 31. d7+ 1-0

[Event "Let's Play Chess!"]
[Site "http://www.queenalice.com/game.php?id=177992"]
[Date "2007.3.7"]
[Round "-"]
[White "chessnm"]
[Black "chaian"]
[Result "0-1"]
[WhiteElo "1619"]
[BlackElo "1462"]

1. g3 e6 2. Bg2 d5 3. d4 Nf6 4. Nc3 Qe7 5. e3 Nc6 6. Nge2 b6 7. O-O h5 8. e4
Nxe4 9. Nxe4 dxe4 10. Bxe4 Bb7 11. c4 g6 12. d5 Ne5 13. d6 cxd6 14. Bxb7 Qxb7
15. b3 Nf3+ 0-1

[Event "Let's Play Chess!"]
[Site "http://www.queenalice.com/game.php?id=177994"]
[Date "2007.3.16"]
[Round "-"]
[White "kellywatchthestars"]
[Black "chaian"]
[Result "1-0"]
[WhiteElo "2047"]
[BlackElo "1491"]

1. e4 Nf6 2. e5 Nd5 3. d4 d6 4. Nf3 e6 5. Be2 Be7 6. O-O Bd7 7. c4 Nb4 8. Nc3 c5
9. a3 N4c6 10. exd6 Bxd6 11. Ne4 Qe7 12. dxc5 Bxc5 13. b4 f5 14. Nxc5 O-O 15.
Nxb7 Be8 16. Nd6 Nd7 17. Bg5 Nf6 18. c5 h6 19. Bxf6 Qxf6 20. Bb5 Ne5 21. Nxe8
Raxe8 22. Bxe8 Rxe8 23. Nxe5 1-0

[Event "Challenge"]
[Site "http://www.queenalice.com/game.php?id=178143"]
[Date "2007.3.7"]
[Round "-"]
[White "technicaldraw"]
[Black "chaian"]
[Result "1-0"]
[WhiteElo "1954"]
[BlackElo "1468"]

1. e4 Nf6 2. e5 Nd5 3. d4 f5 4. Bd3 b6 5. Bxf5 e6 6. Qh5+ Ke7 7. Bg5+ Nf6 8. Be4
d5 9. Bd3 h6 10. exf6+ gxf6 11. Bf4 Nc6 12. Nf3 Kd7 13. Nc3 1-0

[Event "Challenge"]
[Site "http://www.queenalice.com/game.php?id=181145"]
[Date "2007.3.13"]
[Round "-"]
[White "favazza2007"]
[Black "chaian"]
[Result "0-1"]
[WhiteElo "1364"]
[BlackElo "1483"]

1. e4 d6 2. d4 Nf6 3. Nc3 Nc6 4. Bb5 a6 5. Bxc6+ bxc6 6. Nf3 d5 7. e5 Ne4 8.
Nxe4 dxe4 9. Ng5 e6 10. Nxe4 f5 0-1

[Event "Let's Play Chess!"]
[Site "http://www.queenalice.com/game.php?id=218902"]
[Date "2007.5.31"]
[Round "-"]
[White "sheepdog"]
[Black "chaian"]
[Result "1-0"]
[WhiteElo "1437"]
[BlackElo "1492"]

1. e4 e5 2. Nf3 d6 3. Bc4 Be6 4. d3 Nc6 5. O-O f5 6. exf5 Bxc4 7. dxc4 Nf6 8.
Bg5 h6 9. Bxf6 gxf6 10. Nc3 Ne7 11. Qd3 Qd7 12. Nh4 O-O-O 13. Nd5 h5 14. Qe3 c6
15. Ng6 Nxg6 16. fxg6 Qg4 17. Qxa7 Qxg6 18. Qa8+ Kd7 19. Qxb7+ 1-0

[Event "Let's Play Chess!"]
[Site "http://www.queenalice.com/game.php?id=227714"]
[Date "2007.6.20"]
[Round "-"]
[White "colognestar"]
[Black "chaian"]
[Result "1-0"]
[WhiteElo "2043"]
[BlackElo "1494"]

1. b4 e5 2. Bb2 d6 3. g3 Nf6 4. Bg2 Nc6 5. a3 Bd7 6. d3 Be7 7. Nf3 b5 8. O-O Ng4
9. h3 h5 10. hxg4 hxg4 11. Nh2 Bh4 12. e3 f5 13. d4 e4 14. Nd2 Qg5 15. Re1 Qh5
16. Ndf1 Be6 17. d5 1-0

[Event "Let's Play Chess!"]
[Site "http://www.queenalice.com/game.php?id=281398"]
[Date "2007.10.5"]
[Round "-"]
[White "CJ"]
[Black "chaian"]
[Result "0-1"]
[WhiteElo "1565"]
[BlackElo "1494"]

1. e4 e5 2. Nf3 Nc6 3. c3 Nf6 4. Qe2 d5 5. d4 Bd6 6. dxe5 Bxe5 7. Nxe5 Nxe5 8.
Qb5+ c6 9. Qe2 O-O 10. f4 Neg4 11. h3 dxe4 12. hxg4 Bxg4 13. Qd2 Qd7 14. Qxd7
Nxd7 15. Rh4 f5 16. Bc4+ Kh8 17. Na3 h6 18. Be3 Rfd8 19. b4 a5 20. b5 Nc5 21.
Bxc5 Rd7 22. bxc6 bxc6 23. g3 Re8 24. Bf7 Rxf7 25. Nc4 Rd7 26. Nxa5 e3 27. Rd1
Rxd1# 0-1

[Event "Let's Play Chess!"]
[Site "http://www.queenalice.com/game.php?id=281399"]
[Date "2007.10.5"]
[Round "-"]
[White "chaian"]
[Black "CJ"]
[Result "1-0"]
[WhiteElo "1513"]
[BlackElo "1530"]

1. e4 e6 2. d4 Nf6 3. Nc3 c6 4. a3 Qe7 5. b4 d5 6. Bd3 h5 7. h3 Qd6 8. e5 Qe7 9.
exf6 Qxf6 10. Nf3 h4 11. Bg5 Nd7 12. Bxf6 Nxf6 13. O-O b5 14. a4 a5 15. bxa5
Rxa5 16. axb5 Ra3 17. Rxa3 Bxa3 18. Qa1 Bb4 19. Qa8 Kd8 20. bxc6 Bxc3 21. Ba6
Ke7 22. Ne5 Bxd4 23. Nd3 Bxa6 24. Qxh8 Bxd3 25. cxd3 Be5 26. Qc8 g5 27. c7 Bxc7
28. Qxc7+ Nd7 29. Rb1 f5 30. Rb7 g4 31. Qxd7+ Kf6 32. Qg7# 1-0

[Event "Let's Play Chess!"]
[Site "http://www.queenalice.com/game.php?id=308710"]
[Date "2007.11.23"]
[Round "-"]
[White "chaian"]
[Black "charles31"]
[Result "0-1"]
[WhiteElo "1530"]
[BlackElo "1812"]

1. d4 d5 2. e3 g6 3. Nf3 Bg7 4. Nc3 Bg4 5. Be2 e6 6. Ne5 Bxe2 7. Qxe2 a6 8. Qf3
Nf6 9. e4 c6 10. Ng4 Nxg4 11. Qxg4 dxe4 12. Nxe4 Qxd4 13. c3 Qe5 14. O-O Nd7 15.
Qe2 f5 16. Ng3 Qxe2 17. Nxe2 e5 18. f4 e4 19. g3 O-O-O 20. b4 Nb6 21. Be3 Nc4
22. Ba7 Kc7 23. a4 b6 24. a5 bxa5 25. bxa5 Rd5 26. Bb6+ Nxb6 0-1

[Event "623"]
[Site "http://www.queenalice.com/game.php?id=412058"]
[Date "2008.6.3"]
[Round "-"]
[White "phystutordotcom"]
[Black "chaian"]
[Result "1-0"]
[WhiteElo "2092"]
[BlackElo "1525"]

1. Nf3 d5 2. d3 e6 3. Nbd2 Nc6 4. e4 Bc5 5. g3 Nf6 6. Bg2 Ng4 7. O-O O-O 8. c3
Bd6 9. h3 Nge5 10. Nxe5 Bxe5 11. f4 Bxf4 12. gxf4 e5 13. exd5 Ne7 14. fxe5 Nxd5
15. Ne4 f5 16. exf6 g6 17. Bh6 Bf5 18. Qb3 b6 19. Bxf8 Kxf8 20. Ng5 Nxf6 21.
Qf7# 1-0

[Event "Strawberry Handshake"]
[Site "http://www.queenalice.com/game.php?id=619584"]
[Date "2009.7.16"]
[Round "-"]
[White "Onceupon"]
[Black "chaian"]
[Result "1-0"]
[WhiteElo "2031"]
[BlackElo "1523"]

1. e4 e5 2. Nf3 d6 3. d4 Nf6 4. Nc3 h6 5. dxe5 dxe5 6. Qxd8+ Kxd8 7. Bc4 Be6 8.
Bxe6 fxe6 9. Nxe5 Rh7 10. Be3 Bd6 11. O-O-O 1-0

[Event "Let's Play Chess!"]
[Site "http://www.queenalice.com/game.php?id=619982"]
[Date "2009.7.16"]
[Round "-"]
[White "spawnwolfwolverine"]
[Black "chaian"]
[Result "1-0"]
[WhiteElo "1780"]
[BlackElo "1521"]

1. c4 d6 2. d3 e5 3. e4 Nc6 4. Nf3 Nf6 5. Be2 Nd4 6. Nxd4 exd4 7. O-O c5 8. Bg5
Be7 9. Nd2 h6 10. Bxf6 Bxf6 11. a3 O-O 12. b4 b6 13. bxc5 dxc5 14. Nf3 1-0